Statistiques concernant Groupes de choses - histoire

Cliquez ici pour prendre le quiz!

Statistiques générales

  • Ce quiz a été pris 1 262 fois
  • Le résultat moyen est 20 sur 57

Statistiques - réponses

grouperépondre% Correct
Capitales des États-UnisWashington
88%
Principaux pouvoirs de l'Axe de la 2de GMAllemagne
83%
Principaux pouvoirs de l'Axe de la 2de GMItalie
76%
Maisons de la Guerre des RosesYork
72%
Principaux pouvoirs de l'Axe de la 2de GMJapon
69%
Îles où vivait NapoléonCorse
67%
Capitales des États-UnisNew York
67%
Noms des femmes monarques anglaisÉlisabeth
65%
Pays du Pacte de VarsoviePologne
63%
"Principale 3" leaders alliés de la 2de GMWinston Churchill
59%
Îles où vivait NapoléonSainte-Hélène
58%
Pays du Pacte de VarsovieUnion soviétique
57%
"Principale 3" leaders alliés de la 2de GMJoseph Staline
56%
Noms des femmes monarques anglaisVictoria
54%
Îles où vivait NapoléonÎle d'Elbe
53%
Les trois ordres de FranceLe clergé
52%
Les trois ordres de FranceLa noblesse
50%
"Principale 3" leaders alliés de la 2de GMFranklin D Roosevelt
47%
Les plus grands empires de tous les temps (par superficie)Empire mongol
45%
Pays du Pacte de VarsovieHongrie
45%
Les trois ordres de FranceLes gens
45%
Les navires de ColombSanta Maria
42%
Pays du Pacte de VarsovieRoumanie
41%
Pays du Pacte de VarsovieBulgarie
37%
Grandes inventions de la Chine antiquepapier
31%
Grandes inventions de la Chine antiquepoudre à canon
30%
Pays du Pacte de VarsovieTchécoslovaquie
29%
Les tribus qui ont saccagé Rome (AD 400's)Wisigoths
29%
Les navires de ColombNiña
28%
Second triumvirat romainOctave
26%
Les plus grands empires de tous les temps (par superficie)Empire russe
25%
Noms des femmes monarques anglaisMary
25%
Capitales des États-UnisPhiladelphie
25%
Les navires de ColombPinta
25%
"Grand" empereurs russesPierre
24%
Pays du Pacte de VarsovieAlbanie
23%
Pays du Pacte de VarsovieAllemagne de l'est
22%
Territoires perdus par l'Espagne dans
la guerre hispano-américaine
Cuba
22%
Les plus grands empires de tous
les temps (par superficie)
Empire britannique
21%
"Grand" empereurs russesCatherine
20%
Ordres architecturaux grecscorinthien
20%
Noms des femmes monarques anglaisAnne
19%
Maisons de la Guerre des RosesLancastre
19%
Second triumvirat romainMarc Antoine
19%
Ordres architecturaux grecsdorique
18%
Les plus grands empires de tous les temps (par superficie)Empire espagnol
18%
Ordres architecturaux grecsionique
17%
Les tribus qui ont saccagé Rome (AD 400's)Vandales
16%
Grandes inventions de la Chine antiqueboussole
10%
Territoires perdus par l'Espagne dans la guerre hispano-américainePorto Rico
10%
Territoires perdus par l'Espagne dans la guerre hispano-américainePhilippines
7%
Second triumvirat romainLépide
6%
Territoires perdus par l'Espagne dans la guerre hispano-américaineGuam
3%
Les auteurs américains de Le FédéralisteAlexander Hamilton
2%
Les auteurs américains de Le FédéralisteJames Madison
1%
Les auteurs américains de Le FédéralisteJohn Jay
1%
Grandes inventions de la Chine antiquetirage
1%

Distribution des résultats

Percentile par nombre de réponses

% des personnes avec chaque résultat

Votre développement - résultats

Vous n’avez pas pris ce quiz